Bilecik Bilecik Bilecik Bilecik Bilecik

İstanbul'un incileri: sur dışı camileri/ (Record no. 67616)

MARC details
000 -BAŞLIK
Sabit Uzunluktaki Kontrol Alanı 01601nam a22004337a 4500
001 - KONTROL NUMARASI
Control Dosyası 0067069
003 - KONTROL NUMARASI KİMLİĞİ
Kontrol Alanı KOHA_MİRAKIL
005 - EN SON İŞLEM TARİHİ ve ZAMANI
Kontrol Alanı 20260207004707.0
007 - FİZİKSEL TANIM SABİT ALAN - GENEL BİLGİ
Sabit uzunluklu kontrol alanı ta
008 - SABİT UZUNLUKTAKİ VERİ ÖGELERİ - GENEL BİLGİ
Sabit Alan 220413b tu |||gr||||#||||0|tur |
020 ## - ISBN - ULUSLARARASI STANDART KİTAP NUMARASI
Isbn 9786054595808
040 ## - KATALOGLAMA KAYNAĞI
Özgün Kataloglama Kurumu TR-BiSEU
Kataloglama Dili tur
Çeviri Kurumu TR-BiSEU
Açıklama Kuralları rda
041 0# - DİL KODU
Metin ya da ses kaydının dil kodu tur
044 ## - YAYINLAYAN/ÜRETEN KURULUŞUN ÜLKE KODU
ISO country code tu
050 ## - SINIFLAMA ve YER NUMARASI
Sınıflama Numarası NA5870.A1
Yer Numarası Y46 [t.y.]
100 1# - KİŞİ ADI
Yazar Adı (Kişi adı) Yenigün, Sudi.
245 1# - ESER ADI BİLDİRİMİ
Başlık İstanbul'un incileri: sur dışı camileri/
Sorumluluk Bildirimi Sudi Yenigün ; Sudi Yenigün.
264 #1 - ÜRERİM, YAYIN, DAĞITIM ve TELİF BİLDİRİMİ
Yayın yeri İstanbul :
Yayınlayan Büyükşehir Belediyesi
Yayın tarihi [t.y.]
300 ## - FİZİKSEL TANIMLAMA
Sayfa, Cilt vb. 296 sayfa: resimli, 30 cm
336 ## - İÇERİK TÜRÜ
Content type term metin
Content type code txt
Source rdacontent
337 ## - MEDYA TÜRÜ
Media type term aracısız
Media type code n
Source rdamedia
338 ## - TAŞIYICI TÜRÜ
Carrier type term cilt
Carrier type code nc
Source rdacarrier
490 1# - DİZİ BİLDİRİMİ
Dizi Bildirimi Yapı Mekan Mimarı ;
Cilt Numarası 5.
500 ## - GENEL NOT
Genel Not Kaynakça var.
650 #0 - KONU BAŞLIĞI EK GİRİŞ - KONU TERİMİ
Konusal terim veya coğrafi ad Mosques--İstanbul (Turkey).
9 (RLIN) 106713
650 #0 - KONU BAŞLIĞI EK GİRİŞ - KONU TERİMİ
Konusal terim veya coğrafi ad Architecture, Islamic--İstanbul (Turkey).
9 (RLIN) 106714
650 #0 - KONU BAŞLIĞI EK GİRİŞ - KONU TERİMİ
Konusal terim veya coğrafi ad Mosques--Turkey--Istanbul.
9 (RLIN) 20762
650 #0 - KONU BAŞLIĞI EK GİRİŞ - KONU TERİMİ
Konusal terim veya coğrafi ad Religious architecture--Turkey--Istanbul.
9 (RLIN) 106715
650 #0 - KONU BAŞLIĞI EK GİRİŞ - KONU TERİMİ
Konusal terim veya coğrafi ad Architecture, Ottoman--Turkey--Istanbul.
9 (RLIN) 28457
650 #0 - KONU BAŞLIĞI EK GİRİŞ - KONU TERİMİ
Konusal terim veya coğrafi ad Mosques--Turkey--Istanbul--Design and construction.
9 (RLIN) 106716
650 #0 - KONU BAŞLIĞI EK GİRİŞ - KONU TERİMİ
Konusal terim veya coğrafi ad Camiler--İstanbul (Türkiye).
9 (RLIN) 83607
650 #0 - KONU BAŞLIĞI EK GİRİŞ - KONU TERİMİ
Konusal terim veya coğrafi ad Mimarlık, İslami--İstanbul (Türkiye).
9 (RLIN) 106717
650 #0 - KONU BAŞLIĞI EK GİRİŞ - KONU TERİMİ
Konusal terim veya coğrafi ad Camiler--Türkiye--İstanbul.
9 (RLIN) 49830
650 #0 - KONU BAŞLIĞI EK GİRİŞ - KONU TERİMİ
Konusal terim veya coğrafi ad Dini mimari--Türkiye--İstanbul.
9 (RLIN) 106718
650 #0 - KONU BAŞLIĞI EK GİRİŞ - KONU TERİMİ
Konusal terim veya coğrafi ad Mimarlık, Osmanlı--Türkiye--İstanbul.
9 (RLIN) 106719
650 #0 - KONU BAŞLIĞI EK GİRİŞ - KONU TERİMİ
Konusal terim veya coğrafi ad Camiler--Türkiye--İstanbul--Tasarım ve inşaat.
9 (RLIN) 106720
830 1# - SERİ EK GİRİŞİ - TEKBİÇİM ESER ADI
Tekbiçim Başlık Yapı Mekan Mimarı ;
Volume number/sequential designation 5.
9 (RLIN) 127632
942 ## - EK GİRİŞ ÖGELERİ (KOHA)
Source of classification or shelving scheme Library of Congress Classification
Koha item type Book
Holdings
Materyal Türü Kalıcı Konum Mevcut Konum Sınıflandırma Kaynağı Edinim Bilgisi Ana Konular Alt Konular Yer Numarası Demirbaş Numarası Fatura Tarihi Geri Çekilme Durumu Kayıp Durumu Hasarlı Durumu Kredi için değil Kayıt Tarih Toplam Ödünçverme Son Görülme Tarihi Son Kontrol Tarihi Genel / Bağış Notu
Book BŞEÜ Bozüyük MYO Kütüphanesi BŞEÜ Bozüyük MYO Kütüphanesi Library of Congress Classification Bağış GÜZEL SANATLAR Mimarlık NA5870.A1 Y46 [t.y.] 0067069 02/02/2026         13/04/2022   05/03/2025 05/03/2025 Genel Bağış